مكتبة جامعة عجلون الوطنية

فهرس بحث المكتبة

Normal view MARC view
  • الحسبان، علي أحمد

Entry Personal Name

Number of records used in: 1

001 - CONTROL NUMBER

  • control field: 58649

003 - CONTROL NUMBER IDENTIFIER

  • control field: JO-AjAnu

005 - DATE AND TIME OF LATEST TRANSACTION

  • control field: 20230606083609.0

008 - FIXED-LENGTH DATA ELEMENTS

  • fixed length control field: 230606|| aca||aabn | a|a d

040 ## - CATALOGING SOURCE

  • Original cataloging agency: JO-AjAnu
  • Transcribing agency: JO-AjAnu

100 ## - HEADING--PERSONAL NAME

  • Personal name: الحسبان، علي أحمد

670 ## - SOURCE DATA FOUND

  • Source citation: Work cat.: (JO-AjAnu)29916: الحسبان، علي أحمد, author, أثر البحتري في الشعر الأندلسي(في القرن الخامس الهجري) = The Impact of Al - Buhturi in the Andalusian Poetrry (During the Fifth Century)